Home Print Resources E-Books E-Journals IIMT Lecture Series Library Membership Form Book Recommendation Form Campus Tour Take AdmissionAbout Us Contact Us

PERSONNEL MANAGEMENT (Record no. 415)

000 -LEADER
fixed length control field 00372nam a2200157Ia 4500
003 - CONTROL NUMBER IDENTIFIER
control field OSt
005 - DATE AND TIME OF LATEST TRANSACTION
control field 20240208115734.0
008 - FIXED-LENGTH DATA ELEMENTS--GENERAL INFORMATION
fixed length control field 170523s9999 xx 000 0 und d
020 ## - INTERNATIONAL STANDARD BOOK NUMBER
International Standard Book Number 978-0074622643
040 ## - CATALOGING SOURCE
Transcribing agency iimt university meerut
100 ## - MAIN ENTRY--PERSONAL NAME
Personal name MONAPPA- ARUN
245 #0 - TITLE STATEMENT
Title PERSONNEL MANAGEMENT
260 ## - PUBLICATION, DISTRIBUTION, ETC.
Name of publisher, distributor, etc. DELHI TATA MC GRAW HILL
260 ## - PUBLICATION, DISTRIBUTION, ETC.
Date of publication, distribution, etc. 1997
942 ## - ADDED ENTRY ELEMENTS (KOHA)
Source of classification or shelving scheme
Koha item type Book Bank
Holdings
Withdrawn status Lost status Source of classification or shelving scheme Damaged status Not for loan Home library Current library Date acquired Coded location qualifier Barcode Date last seen Uniform Resource Identifier Price effective from Koha item type Public note
          IIMT University Central Library Meerut IIMT University Central Library Meerut 05/31/2017 Dept. MBA 01-B-1173 05/31/2017 MANAGEMENT 05/31/2017 Book Bank nil
          IIMT University Central Library Meerut IIMT University Central Library Meerut 05/31/2017   01-B-1174 05/31/2017 MANAGEMENT 05/31/2017 Book Bank  
          IIMT University Central Library Meerut IIMT University Central Library Meerut 05/31/2017   01-B-1176 05/31/2017 MANAGEMENT 05/31/2017 Book Bank  
          IIMT University Central Library Meerut IIMT University Central Library Meerut 05/31/2017   01-B-1177 05/31/2017 MANAGEMENT 05/31/2017 Book Bank  
          IIMT University Central Library Meerut IIMT University Central Library Meerut 05/31/2017   01-B-1178 05/31/2017 MANAGEMENT 05/31/2017 Book Bank  
          IIMT University Central Library Meerut IIMT University Central Library Meerut 05/31/2017   01-B-89851 05/31/2017 MANAGEMENT 05/31/2017 Book Bank  
IIMT, Central Library. All Rights Reserved IIMT,UNIVERSITY © 2023
Implemented and Customised by I CLOUDE EMS
You Are OPAC Visitor No
free web counter

Powered by Koha